[Event "Obert Barbera 2007 Grup B"]
[Site "?"]
[Date "2007.07.11"]
[Round "6"]
[White "Amor Alcaide, Manuel"]
[Black "Sabria Batlle, Pol"]
[Result "0-1"]
[WhiteElo "2029"]
[BlackElo "1951"]
[PlyCount "144"]
[SourceDate "2007.07.07"]

1. b4 e5 2. Bb2 Bxb4 3. Bxe5 Nf6 4. a3 Ba5 5. Nf3 d5 6. Bb2 O-O 7. e3 c5 8. Be2
Nc6 9. O-O Re8 10. d3 Bc7 11. Nbd2 Bf5 12. c4 dxc4 13. Nxc4 b5 14. Bxf6 Qxf6
15. Ncd2 Red8 16. Qb3 a6 17. Rfd1 Rac8 18. Rac1 Bd6 19. Nf1 Be6 20. Qc2 Na5 21.
N1d2 c4 22. Ne4 Qe7 23. Nxd6 Rxd6 24. dxc4 Rxd1+ 25. Qxd1 Bxc4 26. Rc3 Rd8 27.
Nd4 h6 28. Bxc4 Nxc4 29. Qc1 Qg5 30. h3 Rd6 31. Nf3 Qd8 32. Nd4 Qg5 33. a4 Rg6
34. g3 Nd6 35. axb5 Ne4 36. Rc8+ Kh7 37. Ne2 axb5 38. Rb8 Qf5 39. Nf4 Rd6 40.
Qb1 Nxg3 41. Qxf5+ Nxf5 42. Rxb5 Nh4 43. Rb7 g5 44. Ne2 Kg6 45. Nd4 Ra6 46. Kh2
Ra1 47. Rb2 h5 48. Re2 f6 49. Nb3 Rb1 50. Nd4 Rc1 51. Rb2 Rd1 52. Re2 Ra1 53.
f3 Rf1 54. Kg3 Rg1+ 55. Kh2 Rb1 56. Rf2 Re1 57. e4 Kf7 58. Rd2 Rf1 59. Kg3 Ng6
60. Kg2 Ra1 61. Nf5 Nf4+ 62. Kh2 Rf1 63. Nd4 Kg6 64. Kg3 Rh1 65. Kf2 Rxh3 66.
Ne2 Rh2+ 67. Ke3 Nxe2 68. Rxe2 Rxe2+ 69. Kxe2 f5 70. e5 f4 71. Kd3 Kf5 72. Kd4
Ke6 0-1

[Event "Obert Barbera 2007 Grup B"]
[Site "?"]
[Date "2007.07.11"]
[Round "6"]
[White "Meyer, Kuno"]
[Black "Ben Porat, Zeev"]
[Result "0-1"]
[WhiteElo "1759"]
[BlackElo "2029"]
[PlyCount "34"]
[SourceDate "2007.07.07"]

1. e4 e6 2. d4 d5 3. exd5 exd5 4. Nf3 Bd6 5. Bd3 Ne7 6. Nc3 c6 7. h3 O-O 8.
Bxh7+ Kxh7 9. Ng5+ Kg8 10. Qh5 Bf5 11. g4 Bg6 12. Qh4 Qd7 13. f4 f6 14. Nf3 Be4
15. Qf2 f5 16. Nxe4 dxe4 17. Ng5 Ng6 0-1

[Event "Obert Barbera 2007 Grup B"]
[Site "?"]
[Date "2007.07.11"]
[Round "6"]
[White "Colom Andres, Xavier"]
[Black "Melich Martinez, Josep"]
[Result "1-0"]
[WhiteElo "2026"]
[BlackElo "1893"]
[PlyCount "29"]
[SourceDate "2007.07.07"]

1. d4 Nf6 2. c4 e6 3. Nc3 d5 4. cxd5 exd5 5. Bg5 Nbd7 6. e3 Be7 7. Bd3 O-O 8.
Nge2 h6 9. Bh4 c5 10. Rc1 c4 11. Bb1 b5 12. Qc2 b4 13. Nxd5 b3 14. Nxf6+ Bxf6
15. Qh7# 1-0

[Event "Obert Barbera 2007 Grup B"]
[Site "?"]
[Date "2007.07.11"]
[Round "6"]
[White "Vives Cabau, Jordi"]
[Black "Oliver Monfort, Sergio"]
[Result "1-0"]
[WhiteElo "2025"]
[BlackElo "1825"]
[PlyCount "62"]
[SourceDate "2007.07.07"]

1. e4 e5 2. Nf3 Nc6 3. d4 exd4 4. c3 d5 5. exd5 Qxd5 6. cxd4 Bg4 7. Be2 O-O-O
8. Nc3 Bb4 9. O-O Bxc3 10. bxc3 Nf6 11. Be3 Ne4 12. Qc2 Bf5 13. Bd3 Rhe8 14.
Rab1 a6 15. Qb2 b5 16. a4 Nd6 17. Bxf5+ Qxf5 18. axb5 axb5 19. Nd2 Kd7 20. h3
Rb8 21. Qb3 Nc4 22. Nxc4 bxc4 23. Qd1 Na5 24. Qa4+ Nc6 25. Rxb8 Rxb8 26. Qxc4
h5 27. h4 f6 28. Qf7+ Ne7 29. Re1 Re8 30. Bc1 Kd8 31. Ba3 Qd7 1-0

[Event "Obert Barbera 2007 Grup B"]
[Site "?"]
[Date "2007.07.11"]
[Round "6"]
[White "Gonzalez Muelas, Marco Antonio"]
[Black "Serrano Campos, Joan Antoni"]
[Result "0-1"]
[WhiteElo "1846"]
[BlackElo "1989"]
[PlyCount "100"]
[SourceDate "2007.07.07"]

1. d4 d5 2. c4 c6 3. Nc3 e5 4. dxe5 d4 5. Ne4 Qa5+ 6. Bd2 Qxe5 7. Ng3 Qd6 8.
Nf3 Nf6 9. e4 dxe3 10. Bxe3 Qxd1+ 11. Rxd1 Bb4+ 12. Bd2 Bxd2+ 13. Rxd2 O-O 14.
Bd3 Re8+ 15. Be2 Na6 16. O-O Nc5 17. Rfd1 Nce4 18. Nxe4 Nxe4 19. Rd8 Kf8 20.
Rxe8+ Kxe8 21. Bd3 Nf6 22. Re1+ Kf8 23. Nd4 Bd7 24. Nf5 Bxf5 25. Bxf5 Rd8 26.
b3 Rd2 27. a4 g6 28. Bc8 b6 29. f3 Rd3 30. Rb1 Ke7 31. Kf1 Rd2 32. Re1+ Kd6 33.
Re2 Rd3 34. Rb2 Kc5 35. Ke2 Rd8 36. b4+ Kxc4 37. Ba6+ Kc3 38. Rb1 Rd2+ 39. Kf1
Nd5 40. Rc1+ Rc2 41. Rxc2+ Kxc2 42. b5 c5 43. Bb7 Nc3 44. h4 Kd3 45. a5 Kc4 46.
axb6 axb6 47. f4 Nxb5 48. g4 Nd6 49. Ba6+ Kd4 50. h5 Ke4 0-1

[Event "Obert Barbera 2007 Grup B"]
[Site "?"]
[Date "2007.07.11"]
[Round "6"]
[White "Martinez Llobet, Juan"]
[Black "Palacios Pena, Gerardo"]
[Result "0-1"]
[WhiteElo "1883"]
[BlackElo "1930"]
[PlyCount "124"]
[SourceDate "2007.07.07"]

1. e4 c5 2. Nf3 Nc6 3. d4 cxd4 4. Nxd4 d6 5. Be3 Nf6 6. Nc3 g6 7. f3 Bg7 8. Bc4
a6 9. Qd2 Qc7 10. Bb3 Na5 11. O-O-O Nxb3+ 12. axb3 Be6 13. g4 b5 14. Nxe6 fxe6
15. Bh6 Bxh6 16. Qxh6 Rc8 17. Qd2 Qc5 18. Qd4 Rf8 19. Qxc5 Rxc5 20. Ne2 Kf7 21.
h4 Rfc8 22. c3 a5 23. Kc2 b4 24. c4 d5 25. g5 Nd7 26. exd5 exd5 27. Nf4 Nb6 28.
Nd3 R5c7 29. Ne5+ Kf8 30. Rd4 dxc4 31. bxc4 Nxc4 32. Nxc4 Rxc4+ 33. Rxc4 Rxc4+
34. Kd3 Rf4 35. Ke3 e5 36. h5 gxh5 37. Rxh5 Rf7 38. Rh6 Rg7 39. Rh5 Kf7 40. g6+
Kxg6 41. Rxe5 Ra7 42. Rb5 Ra6 43. Kf4 h6 44. Kg4 Kf6 45. f4 Ke6 46. Rh5 Kf7 47.
Rf5+ Kg6 48. Rb5 Kf6 49. Kh5 Ke7 50. Kg4 Kd7 51. Kf5 Kc6 52. Re5 a4 53. Re3 a3
54. bxa3 bxa3 55. Re1 a2 56. Ra1 Kb5 57. Ke5 Kb4 58. f5 Kb3 59. f6 Kb2 60. f7
Ra8 61. Rxa2+ Kxa2 62. Kf6 h5 0-1

[Event "Obert Barbera 2007 Grup B"]
[Site "?"]
[Date "2007.07.11"]
[Round "6"]
[White "Lopez Peralta, Xavier"]
[Black "Benavides Arias, Luis Alberto"]
[Result "1-0"]
[WhiteElo "1882"]
[BlackElo "1879"]
[PlyCount "83"]
[SourceDate "2007.07.07"]

1. d4 Nf6 2. Bf4 g6 3. Nf3 Bg7 4. e3 d6 5. h3 O-O 6. Bc4 c6 7. c3 Nbd7 8. O-O
Re8 9. Nbd2 d5 10. Be2 Nh5 11. Bh2 f5 12. Ng5 e5 13. Ngf3 e4 14. Ne1 Qg5 15. c4
Ndf6 16. Bxh5 Nxh5 17. cxd5 cxd5 18. Qa4 Be6 19. Nb3 b6 20. Qc6 Rac8 21. Qb7
Re7 22. Qa6 f4 23. exf4 Nxf4 24. Bxf4 Qxf4 25. Rd1 Qg5 26. Kh1 Qf5 27. a4 e3
28. Nf3 Rc2 29. fxe3 Rf7 30. Nh2 Qe4 31. Nd2 Rxf1+ 32. Qxf1 Bxh3 33. Nxe4 Bxg2+
34. Qxg2 Rxg2 35. Kxg2 dxe4 36. b3 Kf7 37. Ng4 Ke6 38. Rh1 h5 39. Nf2 Kf5 40.
Rh4 Bf6 41. Rxe4 Bg5 42. Re5+ 1-0

[Event "Obert Barbera 2007 Grup B"]
[Site "?"]
[Date "2007.07.11"]
[Round "6"]
[White "Palomo Ribera, Carmen"]
[Black "Padros Martinez, Albert"]
[Result "0-1"]
[WhiteElo "1893"]
[BlackElo "1856"]
[PlyCount "64"]
[SourceDate "2007.07.07"]

1. c4 e6 2. Nc3 d5 3. cxd5 exd5 4. d4 Nf6 5. Bg5 Bb4 6. e3 O-O 7. Bd3 Re8 8.
Nge2 Nbd7 9. O-O h6 10. Nxd5 hxg5 11. Nxb4 a5 12. Nc2 b6 13. Ng3 Bb7 14. Rc1
Nf8 15. Na3 Qd5 16. f3 Rxe3 17. Nf5 Ree8 18. Rxc7 Ba6 19. Ne7+ Rxe7 20. Rxe7
Qxd4+ 21. Kh1 Rd8 22. Qb3 Nd5 23. Bxa6 Nxe7 24. Nc2 Qf4 25. g3 Qf6 26. Ne3 Rd2
27. Nc4 Re2 28. Qb5 Qh6 29. h4 gxh4 30. Qxb6 Qxb6 31. Nxb6 Re6 32. Nc8 Nf5 0-1

[Event "Obert Barbera 2007 Grup B"]
[Site "?"]
[Date "2007.07.12"]
[Round "7"]
[White "Rodriguez Pardo, Fernando"]
[Black "Franch Guiral, Ramon"]
[Result "1/2-1/2"]
[WhiteElo "2058"]
[BlackElo "1989"]
[PlyCount "59"]
[SourceDate "2007.07.07"]

1. d4 e6 2. g3 d5 3. Bg2 f5 4. Nf3 Nf6 5. c4 c6 6. O-O Bd6 7. b3 Qe7 8. a4 Nbd7
9. Ba3 dxc4 10. bxc4 O-O 11. Bxd6 Qxd6 12. Nc3 Qb4 13. Qd3 Qe7 14. e4 e5 15.
exf5 e4 16. Qe2 Re8 17. Ng5 Nf8 18. Rfe1 Bxf5 19. Ncxe4 Rad8 20. Qa2 Nxe4 21.
Nxe4 Kh8 22. d5 cxd5 23. cxd5 Qb4 24. Reb1 Qe7 25. d6 Qe6 26. Qxe6 Rxe6 27. Rb4
Bxe4 28. Bxe4 b6 29. d7 Rd6 30. a5 1/2-1/2

[Event "Obert Barbera 2007 Grup B"]
[Site "?"]
[Date "2007.07.12"]
[Round "7"]
[White "Delgadillo Torrico, Felipe"]
[Black "Exposito Cabrera, Joaquin"]
[Result "1/2-1/2"]
[WhiteElo "2038"]
[BlackElo "2040"]
[PlyCount "146"]
[SourceDate "2007.07.07"]

1. e4 c5 2. Nf3 a6 3. d4 cxd4 4. Nxd4 e5 5. Nf3 Nf6 6. Bd3 d5 7. Qe2 dxe4 8.
Bxe4 Nxe4 9. Qxe4 Nc6 10. c3 g6 11. O-O Bf5 12. Qe3 Bg7 13. Nbd2 O-O 14. Ne4
Qd5 15. Nfd2 Rad8 16. f3 Rfe8 17. b3 Bc8 18. Qg5 Re6 19. Qg3 h6 20. Nc4 Ne7 21.
Ne3 Qc6 22. Ba3 f5 23. Nc5 f4 24. Nxe6 Qxe6 25. Qf2 fxe3 26. Qxe3 Nd5 27. Qd3
Qb6+ 28. Rf2 Nf4 29. Qc4+ Be6 30. Qc5 Qxc5 31. Bxc5 Rc8 32. Bb4 Nd3 33. Rd2
Nxb4 34. cxb4 e4 35. Rad1 exf3 36. Rd8+ Rxd8 37. Rxd8+ Kf7 38. gxf3 Bf8 39. Rd4
Kf6 40. Kg2 Bf5 41. Rc4 Bd6 42. a3 Be5 43. f4 Bd6 44. h4 Be6 45. Rd4 Bc7 46.
Rd3 Bxf4 47. b5 axb5 48. b4 Bf5 49. Rc3 Bd6 50. Re3 Be6 51. Rd3 Be5 52. Kf3 g5
53. hxg5+ hxg5 54. Rd8 Kf5 55. Rf8+ Bf6 56. Kg3 Bd5 57. Ra8 Be5+ 58. Kf2 Kg4
59. Rd8 Bd4+ 60. Ke2 Bc4+ 61. Kd2 Bb2 62. Ra8 Kg3 63. Kc2 Be5 64. Rd8 Be6 65.
Kd2 g4 66. Ke3 Bf5 67. Rd5 Bf4+ 68. Kd4 Bc8 69. Rxb5 Kf2 70. Ke4 Bd7 71. Rxb7
Bc6+ 72. Kxf4 Bxb7 73. Kxg4 Ke3 1/2-1/2

[Event "Obert Barbera 2007 Grup B"]
[Site "?"]
[Date "2007.07.12"]
[Round "7"]
[White "Ruiz Manchon, Francesc Xavier"]
[Black "Ferrer Roche, Marc"]
[Result "1-0"]
[WhiteElo "2093"]
[BlackElo "2095"]
[PlyCount "125"]
[SourceDate "2007.07.07"]

1. e4 d5 2. exd5 Nf6 3. Bb5+ Bd7 4. Be2 Nxd5 5. d4 Bf5 6. a3 g6 7. c4 Nb6 8. h3
Bg7 9. Nf3 O-O 10. Be3 Nc6 11. Nc3 e5 12. d5 Ne7 13. O-O Qc8 14. c5 e4 15. cxb6
exf3 16. Bxf3 axb6 17. d6 Rd8 18. dxe7 Rxd1 19. Rfxd1 Qe8 20. Nd5 Rc8 21. Bg5
f6 22. Nxf6+ Bxf6 23. Bxf6 Kf7 24. Bg5 h6 25. Rd8 hxg5 26. Rxe8 Rxe8 27. Bxb7
Rxe7 28. Bf3 c5 29. Rd1 Rd7 30. Rxd7+ Bxd7 31. Kf1 Kf6 32. Ke2 Ke5 33. Ke3 Bf5
34. Be2 Be6 35. Bd3 Bf7 36. g3 Be8 37. f4+ gxf4+ 38. gxf4+ Ke6 39. h4 Kf6 40.
b4 cxb4 41. axb4 Ke6 42. Kd4 Kd6 43. Bc4 Bd7 44. Bd3 Be8 45. Bc4 Bd7 46. Bf7
Bf5 47. h5 gxh5 48. Bxh5 Bc2 49. Be2 Bg6 50. Bd3 Bh5 51. f5 Bg4 52. Ke4 Bh3 53.
Kf4 Bg2 54. Kg5 Bd5 55. Kf6 Bb3 56. Kg7 Kd5 57. f6 Kd4 58. Be2 b5 59. Bxb5 Kc3
60. Be8 Kxb4 61. Bf7 Bd1 62. Be6 Bh5 63. Bf5 1-0

[Event "Obert Barbera 2007 Grup B"]
[Site "?"]
[Date "2007.07.12"]
[Round "7"]
[White "Garcia Riera, Josep"]
[Black "Capellades Subirana, Marc"]
[Result "0-1"]
[WhiteElo "2033"]
[BlackElo "2112"]
[PlyCount "108"]
[SourceDate "2007.07.07"]

1. d4 Nf6 2. c4 e6 3. Nf3 Bb4+ 4. Nc3 b6 5. Bg5 h6 6. Bh4 Bb7 7. e3 Bxc3+ 8.
bxc3 d6 9. Bd3 Nbd7 10. Qc2 Qe7 11. e4 e5 12. O-O-O O-O-O 13. Nd2 g5 14. Bg3
Nh5 15. Be2 Nf4 16. Bxf4 gxf4 17. d5 Kb8 18. Nf3 c6 19. g3 fxg3 20. fxg3 cxd5
21. cxd5 Rc8 22. Kb1 Rc5 23. Rc1 Rhc8 24. Qd2 f5 25. Bd3 Nf6 26. Rhe1 fxe4 27.
Bxe4 Nxe4 28. Rxe4 Rxd5 29. Qe2 Ra5 30. Rb4 Ba6 31. Qe3 Bc4 32. Rb2 Qf7 33.
Rcc2 Rd5 34. Ne1 Qh7 35. Ka1 Rcc5 36. Rd2 Rxd2 37. Rxd2 Rb5 38. Rb2 Rxb2 39.
Kxb2 Qg6 40. Nf3 Qe6 41. a3 Qh3 42. Qd2 Kc7 43. Ne1 Qf1 44. Nc2 Qe2 45. Qxe2
Bxe2 46. Kc1 Bg4 47. Kd2 a5 48. Ne3 Be6 49. g4 Kc6 50. h4 Kb5 51. g5 hxg5 52.
hxg5 Ka4 53. g6 Kxa3 54. g7 Kb2 0-1

[Event "Obert Barbera 2007 Grup B"]
[Site "?"]
[Date "2007.07.12"]
[Round "7"]
[White "Slimani, Abderezzak"]
[Black "Vigo Allepuz, David"]
[Result "0-1"]
[WhiteElo "1974"]
[BlackElo "2141"]
[PlyCount "44"]
[SourceDate "2007.07.07"]

1. e4 e6 2. d4 d5 3. Nc3 dxe4 4. Nxe4 Nf6 5. Ng3 c5 6. Nf3 Nc6 7. Be3 cxd4 8.
Nxd4 Bd7 9. Be2 Nd5 10. O-O Be7 11. Nxc6 Bxc6 12. Bd4 O-O 13. Bf3 Bf6 14. Nh5
e5 15. Nxf6+ Qxf6 16. Bc5 Rfd8 17. Qe1 Nf4 18. Qc3 Rd3 19. Qxd3 Nxd3 20. cxd3
Bxf3 21. gxf3 Re8 22. Rfe1 e4 0-1

[Event "Obert Barbera 2007 Grup B"]
[Site "?"]
[Date "2007.07.12"]
[Round "7"]
[White "Molero Tejada, Santiago"]
[Black "Basas Gamazo, Josep"]
[Result "1/2-1/2"]
[WhiteElo "2009"]
[BlackElo "2089"]
[PlyCount "96"]
[SourceDate "2007.07.07"]

1. d4 Nf6 2. c4 g6 3. Nc3 Bg7 4. Bf4 d6 5. Rc1 O-O 6. Nf3 Nbd7 7. e3 Nh5 8. Bg3
e5 9. Be2 f5 10. Bh4 Nhf6 11. dxe5 dxe5 12. Nd5 c6 13. Nxf6+ Bxf6 14. Bxf6 Qxf6
15. b4 Nb6 16. c5 Nd5 17. Bc4 Be6 18. a3 Kh8 19. O-O a6 20. Qe2 Rae8 21. Qb2
Bg8 22. Rfd1 Re7 23. a4 g5 24. Nd2 e4 25. Qxf6+ Rxf6 26. Bxd5 Bxd5 27. a5 f4
28. Nb1 Kg7 29. Rd4 fxe3 30. fxe3 Ref7 31. Nc3 Rf2 32. Nxd5 cxd5 33. Rxd5 h6
34. Rdd1 Re2 35. Re1 Rb2 36. Rf1 Rxb4 37. Rxf7+ Kxf7 38. c6 bxc6 39. Rxc6 Kg7
40. Rxa6 Rb3 41. Kf2 Rb2+ 42. Kg3 Re2 43. Ra7+ Kg8 44. a6 Rxe3+ 45. Kg4 Ra3 46.
Kf5 e3 47. Kf6 e2 48. Ra8+ Kh7 1/2-1/2

[Event "Obert Barbera 2007 Grup B"]
[Site "?"]
[Date "2007.07.12"]
[Round "7"]
[White "Walter Travella, German"]
[Black "Colom Andres, Xavier"]
[Result "1/2-1/2"]
[WhiteElo "2055"]
[BlackElo "2026"]
[PlyCount "56"]
[SourceDate "2007.07.07"]

1. c4 c5 2. Nf3 g6 3. g3 Bg7 4. Bg2 e5 5. d3 Ne7 6. Nc3 Nbc6 7. O-O O-O 8. Rb1
d6 9. Ne1 Rb8 10. Nc2 a6 11. b4 Qc7 12. bxc5 dxc5 13. Bg5 f6 14. Be3 Nd4 15.
Nxd4 cxd4 16. Nd5 Nxd5 17. Bxd5+ Kh8 18. Bd2 Bh3 19. Re1 b5 20. cxb5 Rxb5 21.
Rxb5 axb5 22. Qb3 Bd7 23. Rc1 Qb8 24. Ba5 Rc8 25. Rb1 Bf8 26. a4 Qa7 27. Be6
bxa4 28. Qd5 Bc6 1/2-1/2

[Event "Obert Barbera 2007 Grup B"]
[Site "?"]
[Date "2007.07.12"]
[Round "7"]
[White "Mas Recorda, Pere"]
[Black "Rios Torondell, Jaume"]
[Result "0-1"]
[WhiteElo "2050"]
[BlackElo "2017"]
[PlyCount "44"]
[SourceDate "2007.07.07"]

1. f4 e5 2. fxe5 d6 3. exd6 Bxd6 4. Nf3 g5 5. d4 g4 6. Ne5 Bxe5 7. dxe5 Qxd1+
8. Kxd1 Nc6 9. Bf4 Be6 10. e3 O-O-O+ 11. Nd2 Nge7 12. Bb5 Bd5 13. Rg1 Ng6 14.
c4 Be6 15. Bxc6 bxc6 16. Rc1 Nxf4 17. exf4 Rd4 18. Ke2 Rhd8 19. Rgd1 Rxf4 20.
Rf1 Rfd4 21. Rc2 Rxd2+ 22. Rxd2 Bxc4+ 0-1

[Event "Obert Barbera 2007 Grup B"]
[Site "?"]
[Date "2007.07.12"]
[Round "7"]
[White "L'Hermitte, Emmanuel"]
[Black "Valarezzo Ricard, Pedro"]
[Result "0-1"]
[WhiteElo "2048"]
[BlackElo "1976"]
[PlyCount "148"]
[SourceDate "2007.07.07"]

1. d4 Nf6 2. c4 e6 3. Nf3 Bb4+ 4. Nc3 Bxc3+ 5. bxc3 O-O 6. e3 c5 7. Bd3 Nc6 8.
O-O d6 9. e4 e5 10. d5 Na5 11. Bg5 h6 12. Bh4 g5 13. Bg3 Bg4 14. h3 Bh5 15. h4
Nh7 16. hxg5 Nxg5 17. Qe2 Qf6 18. Qe3 Bxf3 19. gxf3 Qxf3 20. Rad1 Qxe3 21. fxe3
f6 22. Kg2 Kg7 23. Kf2 Rg8 24. Ke2 Raf8 25. Bh4 Kf7 26. Rf5 Nh7 27. Rdf1 Rg2+
28. Bf2 Rfg8 29. Rh1 R8g6 30. Rfh5 Kg7 31. Kf1 R2g5 32. R5h3 Rg4 33. Be2 Rxe4
34. Bh5 Rg5 35. Be8 Rxc4 36. Rxh6 Nf8 37. Be1 Rcg4 38. Bf2 Nc4 39. Ke2 Nb6 40.
c4 Rxc4 41. Kd3 e4+ 42. Kd2 Rg2 43. R6h2 Rxh2 44. Rxh2 Nh7 45. Bg3 Ng5 46. Rh5
Nf3+ 47. Ke2 Rc2+ 48. Kf1 Nc4 49. Bf4 Rxa2 50. Bh6+ Kg8 51. Bd7 Ng5 52. Bxg5
fxg5 53. Rxg5+ Kf7 54. Be6+ Kf6 55. Rg3 Nd2+ 56. Ke1 Nf3+ 57. Kd1 Rd2+ 58. Kc1
Re2 59. Rg4 Rxe3 60. Rf4+ Ke5 61. Rf7 Rb3 62. Rf5+ Kd4 63. Kc2 Rc3+ 64. Kb2 b5
65. Rf7 a5 66. Rd7 a4 67. Rxd6 a3+ 68. Ka2 b4 69. Rb6 Rc2+ 70. Ka1 e3 71. Bf5
Rb2 72. Re6 Ne5 73. d6 e2 74. Rxe5 Kxe5 0-1

[Event "Obert Barbera 2007 Grup B"]
[Site "?"]
[Date "2007.07.12"]
[Round "7"]
[White "Aguilera Bonaque, Juan Carlos"]
[Black "Frances Cuscullola, Oriol"]
[Result "0-1"]
[WhiteElo "2035"]
[BlackElo "1967"]
[PlyCount "56"]
[SourceDate "2007.07.07"]

1. e4 e5 2. Nf3 Nf6 3. Nxe5 d6 4. Nf3 Nxe4 5. d3 Nf6 6. d4 d5 7. Bd3 Bd6 8. c4
dxc4 9. Bxc4 O-O 10. O-O Nc6 11. h3 Bf5 12. a3 h6 13. Nc3 Qd7 14. Ne2 Be4 15.
Nf4 g5 16. Nd3 Qf5 17. Nde1 g4 18. Nh4 Qh5 19. g3 Kh8 20. Qd2 gxh3 21. Qxh6+
Qxh6 22. Bxh6 h2+ 23. Kxh2 Ng4+ 24. Kh3 Nxh6 25. f3 Bh7 26. g4 Nxd4 27. Nd3 Nc2
28. Rac1 Ne3 0-1

[Event "Obert Barbera 2007 Grup B"]
[Site "?"]
[Date "2007.07.12"]
[Round "7"]
[White "Sabria Batlle, Pol"]
[Black "Lopez Peralta, Xavier"]
[Result "1-0"]
[WhiteElo "1951"]
[BlackElo "1882"]
[PlyCount "59"]
[SourceDate "2007.07.07"]

1. d4 d5 2. c4 c6 3. Nc3 Nf6 4. Bg5 Bf5 5. Qb3 Qd7 6. e3 e6 7. Nf3 Bd6 8. c5
Be7 9. Be2 O-O 10. Ne5 Qc8 11. g4 Bg6 12. h4 h6 13. Nxg6 fxg6 14. Bf4 Nh7 15.
Bd3 Nf6 16. Bxg6 Nxg4 17. f3 Nf6 18. O-O-O Nbd7 19. Rdg1 Kh8 20. Bb1 Nh5 21.
Qc2 Ndf6 22. Be5 Rf7 23. Ne2 Kg8 24. Qg6 Kf8 25. Qg2 Kg8 26. Bg6 Rf8 27. Bxh5
Nxh5 28. Bxg7 Rxf3 29. Be5+ Rg3 30. Nxg3 1-0

[Event "Obert Barbera 2007 Grup B"]
[Site "?"]
[Date "2007.07.12"]
[Round "7"]
[White "Palacios Pena, Gerardo"]
[Black "Vives Cabau, Jordi"]
[Result "1-0"]
[WhiteElo "1930"]
[BlackElo "2025"]
[PlyCount "61"]
[SourceDate "2007.07.07"]

1. d4 f5 2. g4 fxg4 3. e4 d6 4. Nc3 g6 5. Be3 Bg7 6. Qd3 Nf6 7. O-O-O c6 8. h3
g3 9. fxg3 d5 10. g4 Na6 11. e5 Nb4 12. Qd2 Ng8 13. a3 Na6 14. Nf3 Nc7 15. Bd3
Be6 16. Ng5 Qd7 17. Nxh7 O-O-O 18. Bxg6 c5 19. Ng5 cxd4 20. Qxd4 b6 21. Nxe6
Nxe6 22. Bf5 Nh6 23. Qxd5 Qxd5 24. Nxd5 Nxf5 25. gxf5 Nc5 26. Nxe7+ Kb7 27.
Rxd8 Rxd8 28. Bxc5 bxc5 29. f6 Bf8 30. Ng6 Bh6+ 31. Kb1 1-0

[Event "Obert Barbera 2007 Grup B"]
[Site "?"]
[Date "2007.07.12"]
[Round "7"]
[White "Serrano Campos, Joan Antoni"]
[Black "Gomez Jimenez, Ruben"]
[Result "1-0"]
[WhiteElo "1989"]
[BlackElo "1916"]
[PlyCount "47"]
[SourceDate "2007.07.07"]

1. d4 Nf6 2. Nf3 d6 3. c4 Nbd7 4. Nc3 e5 5. e4 Be7 6. Bd3 O-O 7. O-O c6 8. Rb1
a6 9. b4 b5 10. a4 Qc7 11. Bd2 bxc4 12. Bxc4 Nb6 13. Be2 Be6 14. Qc2 Rfc8 15.
Rfc1 g6 16. Nd1 Qb7 17. dxe5 Nxe4 18. Qxe4 Bf5 19. Qf4 Nd5 20. Qh6 Bf8 21. Qh4
Bxb1 22. Rxb1 c5 23. Ng5 h5 24. Bc4 1-0

[Event "Obert Barbera 2007 Grup B"]
[Site "?"]
[Date "2007.07.12"]
[Round "7"]
[White "Padros Martinez, Albert"]
[Black "Echarri Torres, Miguel"]
[Result "0-1"]
[WhiteElo "1853"]
[BlackElo "2113"]
[PlyCount "58"]
[SourceDate "2007.07.07"]

1. e4 c5 2. Nc3 Nc6 3. g3 g6 4. Bg2 Bg7 5. Nge2 e6 6. O-O Nge7 7. Nf4 O-O 8.
Kh1 Rb8 9. a4 a6 10. d3 b5 11. axb5 axb5 12. Be3 d6 13. Qd2 b4 14. Na4 Nd4 15.
Bxd4 cxd4 16. c3 bxc3 17. bxc3 Qa5 18. Qc2 dxc3 19. Ne2 Bd7 20. Naxc3 Qc5 21.
Qd2 Rb3 22. Rac1 Qb4 23. Rc2 Rc8 24. Rfc1 Nc6 25. f4 Nd4 26. Nxd4 Bxd4 27. Nb1
Rxc2 28. Qxc2 Rb2 29. Qd1 Be3 0-1

[Event "Obert Barbera 2007 Grup B"]
[Site "?"]
[Date "2007.07.12"]
[Round "7"]
[White "Mehiaoui, Dounia"]
[Black "Vuiton, Stephane"]
[Result "0-1"]
[WhiteElo "1909"]
[BlackElo "2069"]
[PlyCount "82"]
[SourceDate "2007.07.07"]

1. e4 c6 2. d4 Na6 3. Nf3 g6 4. Be2 Bg7 5. O-O Nc7 6. a4 d5 7. Nc3 Bg4 8. exd5
cxd5 9. h3 Bxf3 10. Bxf3 Nf6 11. Bf4 Ne6 12. Be5 O-O 13. Ra3 Rc8 14. Re1 Ng5
15. Rb3 Qd7 16. Qe2 e6 17. Qb5 Nxf3+ 18. gxf3 b6 19. a5 Qxb5 20. Rxb5 Nd7 21.
axb6 axb6 22. Re2 Rc4 23. Nb1 Bxe5 24. dxe5 Rfc8 25. Na3 Rf4 26. Rb3 Rc5 27.
Kg2 Rf5 28. Rb4 Nxe5 29. Rxb6 Rg5+ 30. Kf1 Nxf3 31. Re3 Nh2+ 32. Ke2 d4 33. b4
Rcf5 34. Rb3 e5 35. Rb8+ Kg7 36. Rd8 Rg2 37. b5 Rgxf2+ 38. Kd3 Rf6 39. Nc4 Nf3
40. b6 Rf4 41. Re8 Ne1# 0-1

[Event "Obert Barbera 2007 Grup B"]
[Site "?"]
[Date "2007.07.12"]
[Round "7"]
[White "Guix Torres, David"]
[Black "Trabalon Cerrato, Ivan"]
[Result "1/2-1/2"]
[WhiteElo "2033"]
[BlackElo "1919"]
[PlyCount "80"]
[SourceDate "2007.07.07"]

1. e4 c5 2. Nf3 e6 3. Nc3 a6 4. a4 d5 5. d4 Nf6 6. e5 Nfd7 7. dxc5 Bxc5 8. Bd3
Nc6 9. Bf4 Qc7 10. Qe2 Nb4 11. O-O Nxd3 12. cxd3 Be7 13. Bg3 Qd8 14. Rfe1 O-O
15. Rac1 f6 16. Nd4 Nxe5 17. f4 Bc5 18. Kh1 Bxd4 19. fxe5 fxe5 20. Rf1 Rxf1+
21. Rxf1 Bd7 22. Bxe5 Bxe5 23. Qxe5 Qe8 24. Re1 Qf7 25. h3 Rf8 26. a5 Qf4 27.
d4 Qxe5 28. Rxe5 Rf2 29. Re2 Rxe2 30. Nxe2 Kf7 31. Nf4 Ke7 32. Nd3 Kd6 33. Ne5
Be8 34. g4 Kc7 35. Kg2 b6 36. b4 bxa5 37. bxa5 Kd6 38. Kf3 Ke7 39. Kf4 Kf6 40.
h4 Ke7 1/2-1/2

[Event "Obert Barbera 2007 Grup B"]
[Site "?"]
[Date "2007.07.12"]
[Round "7"]
[White "Sanz Bastos, Fernando"]
[Black "Gonzalez Garcia, Sergi"]
[Result "0-1"]
[WhiteElo "2025"]
[BlackElo "1881"]
[PlyCount "96"]
[SourceDate "2007.07.07"]

1. e4 e5 2. Nf3 Nc6 3. Bb5 a6 4. Ba4 Nf6 5. O-O Be7 6. Bxc6 dxc6 7. Qe1 Nd7 8.
b3 O-O 9. Bb2 f6 10. d3 c5 11. Nbd2 b5 12. Nh4 Re8 13. Nf5 Bd6 14. Nf3 Nf8 15.
Ne3 Ng6 16. Qd2 Be6 17. h3 Qd7 18. Kh2 f5 19. Ng5 f4 20. Ng4 Qd8 21. Nxe6 Rxe6
22. f3 Qg5 23. Nf2 h5 24. c3 Nf8 25. Nh1 Rg6 26. Rg1 Ne6 27. Qe1 Qf6 28. Qf2
Rf8 29. Rad1 Qe7 30. Rge1 Rh6 31. Re2 g5 32. Red2 g4 33. g3 Ng5 34. fxg4 hxg4
35. h4 Nf3+ 36. Kg2 Nxd2 37. Qxd2 f3+ 38. Kg1 Qg7 39. Bc1 Rhf6 40. Nf2 Rg6 41.
Kh2 Be7 42. Kg1 Bxh4 43. gxh4 g3 44. Nh3 Qh7 45. Ng5 Qxh4 46. d4 f2+ 47. Kf1
Qh1+ 48. Ke2 f1=Q+ 0-1

[Event "Obert Barbera 2007 Grup B"]
[Site "?"]
[Date "2007.07.12"]
[Round "7"]
[White "Montiel Baeza, Alex"]
[Black "Ruiz Arenas, Carlos"]
[Result "0-1"]
[WhiteElo "1880"]
[BlackElo "1958"]
[PlyCount "46"]
[SourceDate "2007.07.07"]

1. e4 c5 2. Nf3 Nc6 3. d4 cxd4 4. Nxd4 g6 5. Nc3 Bg7 6. Be3 Nf6 7. f3 O-O 8.
Qd2 d5 9. Nxc6 bxc6 10. O-O-O Be6 11. exd5 cxd5 12. g4 Qa5 13. a3 Rfc8 14. h4
Ne4 15. fxe4 Bxc3 16. Qd3 dxe4 17. Qb5 Qxb5 18. Bxb5 Bxb2+ 19. Kxb2 Rab8 20. a4
a6 21. Rd4 axb5 22. axb5 Rxb5+ 23. Kc1 Bxg4 0-1